| 000 | 01153cas a22003377ar4500 | ||
|---|---|---|---|
| 005 | 20220329142014.0 | ||
| 008 | 990128d19551998nl br pernn 0 b1eng d | ||
| 010 | _a76944 | ||
| 011 | _a77916 | ||
| 022 | 0 | _a0028-2596 | |
| 035 | _a87691 | ||
| 245 | 0 | 0 |
_aNematologica _c/by International Journal of Nematological Research |
| 260 | 0 |
_aLeiden, The Netherlands : _bK. Brill, _c1955-1998. |
|
| 300 |
_av. : _bilus. ; gráfs. ; tablas |
||
| 310 | _aBimestral | ||
| 362 | 1 | _av.44 n.4,1998 | |
| 590 |
_aBATCH-UPD _b10 _c20130110 _lUCH01 _h0657 |
||
| 590 |
_aBATCH-UPD _b10 _c20130410 _lUCH01 _h0342 |
||
| 590 |
_aBATCH-UPD _b10 _c20130914 _lUCH01 _h1838 |
||
| 590 |
_aCONVERSION _b10 _c20130109 _lUCH01 _h1342 |
||
| 650 | 1 | 4 |
_aNemátodos _xPublicaciones periódicas. _980825 |
| 785 | _tNematology a partir de 1999 | ||
| 866 | _av.10 n.1-v.12 n.4 (1964-1966) | ||
| 866 | _av.14 n.1-4 (1968) | ||
| 866 | _av.15 n.2-v.29 n.1 (1969-1983) | ||
| 866 | _av.29 n.3-v.31 n.1 (1983-1985) | ||
| 866 | _av.31 n.3-v.33 n.4 (1985-1987) | ||
| 866 | _av.34 n.3-v.44 n.6 (1988-1998) | ||
| 901 | _aSE | ||
| 905 | _aMarco A. Mendoza T. | ||
| 999 |
_c76944 _d76944 |
||